| 000 | 00469nam a22001817a 4500 | ||
|---|---|---|---|
| 999 |
_c5218 _d5218 |
||
| 001 | BT-PhCST | ||
| 003 | BT-PhCST | ||
| 005 | 20191207231501.0 | ||
| 008 | 141205b xxu||||| |||| 00| 0 eng d | ||
| 040 |
_aBT-PhCST _cBT-PhCST _dBT-PhCST |
||
| 050 | _a0 | ||
| 082 |
_222 _a413 |
||
| 245 | _aDzongkha dictionary / | ||
| 260 |
_aThimphu, _bDzongkha Development Commission, _cc2005. |
||
| 300 |
_aiii, 1041p. ; _bill. ; _c22 cm. |
||
| 306 | _aAcc. D3593 | ||
| 942 |
_2ddc _cDIC |
||